000
00280 a2200121 4500
001
63567
082
_a
358.4 MAS
090
_c
37561
_d
37561
100
_a
Mason, RA
245
_a
Air Power in the next Generation
_h
English
260
_a
Pakistan
_b
PAF Book Club
300
_a
151p
942
_a
CAE NUST
_k
358.4 MAS
999
_c
298640
_d
298640